Television A-Z Quiz Stats

Quiz not verified by Sporcle

Also try: Mad Men Characters
Challenge
Share
Tweet
Embed
Score 0/26 Timer 06:00
0 Plays Today
Hint Answer % Correct
F: Happy Days character who was known for being coolFonzie
94.9%
A: Sitcom starring an extraterrestrial running from 1986-1990Alf
90.5%
U: Next door neighbor/ nerd on Family MattersUrkel
89.1%
X: Science fiction television series airing from 1993-2002X-Files
88.4%
S: Hometown of Full House's Tanner FamilySan Francisco
86.1%
M: Oldest daughter on The Brady BunchMarcia
84.7%
Q: Television Home Shopping NetworkQVC
83.7%
W: Next door neighbor on Home ImprovementWilson
82.7%
D: Youngest daughter on RoseanneDarlene
72.4%
G: Soap Opera featuring the Quartermaines, Corinthos, Spencers, and CassadinesGeneral Hospital
72.4%
K: Last name of the family on Family TiesKeaton
70.4%
H: Character in the Munsters played by Fred GwynneHerman
68.7%
J: Friends' Chandler's girlfriend who always seems to reappear screaming, 'Oh my God!'Janice
67.3%
Hint Answer % Correct
C: In the classic I Love Lucy episode, 'Job Switching', Lucy and Ethel worked in a factory producing what?Candy
65.3%
R: Name of the maid from The JetsonsRosie
60.9%
T: The Facts of Life character who started out on roller skatesTootie Ramsey
59.5%
N: The butler on The NannyNiles
57.5%
O: Last name of Archie Bunker portrayerO'Connor
52.4%
L: Laverne and Shirley's Squiggy's roommateLenny Kosnowski
49%
V: Actress who played Barbara Cooper on One Day at a TimeValerie Bertinelli
49%
P: Rob and Laura's last name on the Dick Van Dyke ShowPetrie
48%
Y: Last name of surgeon on Grey's Anatomy played by Sandra OhYang
45.2%
B: Sitcom that was part of the TGIF lineup from 1993-2000Boy Meets World
44.6%
E: Sondra's husband on The Cosby ShowElvin Tibideaux
40.1%
Z: Last name of actor who played Steve on Beverly Hills 90210Ziering
39.1%
I: Actress who played The Jefferson's LouiseIsabel Sanford
32.3%

You're not logged in!

Compare scores with friends on all Sporcle quizzes.
Sign Up with Email
OR
Log In

You Might Also Like...

Show Comments

Extras

Top Quizzes Today


Score Distribution

Your Account Isn't Verified!

In order to create a playlist on Sporcle, you need to verify the email address you used during registration. Go to your Sporcle Settings to finish the process.